000
00321nam a2200133Ia 4500
008
230718s9999 xx 000 0 und d
082
_a
333.78
_b
فیض-ب
100
_a
فیضان الله خان
245
0
_a
برقیات
260
_a
Pakistan
_b
upper Mall, Love
_c
1996
300
_a
52
650
_a
Law
999
_c
26402
_d
26402